Missing Word: Meryl Streep (A-Z) Quiz Stats

 Plays Quiz Updated Oct 24, 2013

Support Sporcle.
Go Orange.
Score 0/21 Timer 03:00
3 Plays Today
Hint Missing Word % Correct
The ____ Wears PradaDevil
98.7%
Kramer vs. ____Kramer
96.3%
Sophie's ____Choice
90.8%
The Deer ____Hunter
90.3%
Death ____ HerBecomes
90%
____ & JuliaJulie
89.8%
____ True ThingOne
88.8%
The Bridges of ____ CountyMadison
88.8%
____ ComplicatedIt's
87.2%
____-DevilShe
86.4%
Still of the ____Night
83.9%
Hint Missing Word % Correct
Out of ____Africa
83.4%
Lemony Snicket's A Series of ____ EventsUnfortunate
82.7%
Defending ____ LifeYour
82.2%
____ Mr. FoxFantastic
73.4%
Postcards from the ____Edge
65.7%
The River ____Wild
56.1%
A ____ Home CompanionPrairie
56%
The French ____ WomanLieutenant's
55.2%
Marvin's ____Room
42.4%
The Seduction of Joe ____Tynan
16.6%

Today's Daily Dose

You're not logged in!

Compare scores with friends on all Sporcle quizzes.
OR
Log In
Forgot?

From the Vault

Movie to Musical Match-Up

by vinipereira

It's important to keep track of what does and doesn't go together.
Remove Ads.
Support Sporcle.
Get the best of Sporcle when you Go Orange. This ad-free experience offers more features, more stats, and more fun while also helping to support Sporcle. Thank you for becoming a member.

Show Comments

Extras

Top Quizzes Today


Score Distribution

Your Account Isn't Verified!

In order to create a playlist on Sporcle, you need to verify the email address you used during registration. Go to your Sporcle Settings to finish the process.

Report this User

Report this user for behavior that violates our Community Guidelines.

Details: